| 000 | 00382nam a22001217a 4500 | ||
|---|---|---|---|
| 999 |
_c526957 _d526957 |
||
| 008 | 240725b ||||| |||| 00| 0 eng d | ||
| 100 |
_aGellner, David N. _946688 |
||
| 245 | _aThe persistence of hierarchy: Paradoxes of dominance in Nepal and beyond | ||
| 260 | _aSociological Bulletin | ||
| 300 | _a73(2), Apr, 2024: p.127-147 | ||
| 773 | _aSociological Bulletin | ||
| 942 | _cAR | ||